Estadísticas para Prueba de mapas de Europa en ucraniano

Haz click aquí para intentar la prueba.

Estadísticas generales

  • Esta prueba ha sido intentada 16 veces
  • La puntuación promedio es 13 de 45

Respuestas en el mapa

Las respuestas están codificadas por una escala verde-roja en el mapa de la prueba según el % correcto abajo.
 

Estadísticas de respuestas

Respuesta% Correcto
Монако
75%
Молдова
75%
Італія
63%
Сан-Марино
63%
Мальта
63%
Косово
63%
Естонія
50%
Боснія і
Герцеговина
50%
Румунія
38%
Росія
38%
Норвегія
38%
Австрія
38%
Ірландія
38%
Андорра
38%
Греція
38%
Північна
Македонія
38%
Ісландія
25%
Болгарія
25%
Фінляндія
25%
Словенія
25%
Словаччина
25%
Сербія
25%
Бельгія
25%
Португалія
25%
Польща
25%
Ліхтенштейн
25%
Албанія
25%
Люксембург
25%
Литва
25%
Об'єднане
Королівство
25%
Данія
13%
Швейцарія
13%
Чорногорія
13%
Чехія
13%
Хорватія
13%
Франція
13%
Німеччина
13%
Україна
13%
Угорщина
13%
Латвія
13%
Білорусь
13%
Ватикан
13%
Іспанія
13%
Нідерланди
13%
Швеція
13%

Distribución de puntuación

Porcentaje por número respondido

Porcentaje de gente con cada puntuación

Historial de tus puntuaciones

No has intentado esta prueba.